Länder mit Amtssprache Spanisch - Statistiken

Allgemein
  • Dieses Quiz wurde 343 mal gespielt
  • Das Durchschnittsergebnis liegt bei 18 aus 20
Antwortstatistiken
Länder % Korrekt
Spanien
99%
Argentinien
97%
Kolumbien
95%
Venezuela
95%
Chile
94%
Peru
94%
Mexiko
93%
Paraguay
93%
Bolivien
92%
Panama
92%
Uruguay
91%
Ecuador
89%
Honduras
89%
Costa Rica
87%
Guatemala
87%
Nicaragua
86%
El Salvador
85%
Kuba
83%
Dominikanische Republik
81%
Äquatorialguinea
39%
Keine übereinstimmenden Quizze gefunden
Verteilung der Resultate
Anzahl Personen mit jedem Resultat
Perzentil nach korrekt beantworteten Fragen
Ihre Resultats-Entwicklung
Sie haben dieses Quiz noch nicht gespielt